Zdaňovanie príjmov pri brigádnických prácach študentov, ako aj povinnosti zamestnávateľa platné v roku 2014 a 2015

Príklady študentov pracujúcich na dohodu o brigádnickej práci študentov, ich daňové povinnosti, povinnosti zamestnávateľov.

Salvato in:
Dettagli Bibliografici
Autore principale: Válek, Juraj, 1981-
Natura: Capitolo di libro
Lingua:slovacco
Soggetti:
Tags: Aggiungi Tag
Nessun Tag, puoi essere il primo ad aggiungerne!!

MARC

LEADER 00000naa a2200000 4500
001 0196812
005 20240502073322.3
041 0 |a slo 
044 |a SK 
245 1 0 |a Zdaňovanie príjmov pri brigádnických prácach študentov, ako aj povinnosti zamestnávateľa platné v roku 2014 a 2015  |c Juraj Válek 
520 |a Príklady študentov pracujúcich na dohodu o brigádnickej práci študentov, ich daňové povinnosti, povinnosti zamestnávateľov. 
610 2 0 |a študenti 
610 2 0 |a práca 
610 2 0 |a dane z príjmov 
610 2 0 |a oslobodenie od daní 
610 2 0 |a povinnosti zamestnávateľov 
100 1 |a Válek, Juraj, 1981-